| 000 | 00367 a2200133 4500 | ||
|---|---|---|---|
| 001 | 87920 | ||
| 082 | _aPR 258 | ||
| 090 |
_c41387 _d41387 |
||
| 100 | _aShoaib Mohsin and Nooruddin; Fahim Hashmi Prof | ||
| 245 |
_aDesign and fabrication of Quad-rotor hovering UAV _nG-66 |
||
| 260 |
_aRisalpur _bNUST _c2009 |
||
| 300 | _axiii, 87 p. | ||
| 500 | _aBE project reports AE | ||
| 942 |
_aCAE NUST _kPR 258 |
||
| 999 |
_c322993 _d322993 |
||